Statistics for Top Five Biggest Planes

Click here to take the quiz!

General Stats

  • This quiz has been taken 3,315 times
    (3,185 since last reset)
  • The average score is 2 of 5

Answer Stats

HintAnswer% Correct
3Airbus A380
95%
5Boeing 747 - 400
74%
1Antonov An 225
34%
2Hughes H4 Hercules
11%
4Lockheed C5 Galaxy
4%

Score Distribution

Percentile by Number Answered

Percent of People with Each Score

Your Score History

You have not taken this quiz since the last reset